Normal view MARC view
  • Bordeaux, Henry,

Entry Nombre Personal

Number of records used in: 1

001 - NUMERO DE CONTROL

  • campo de control: 53050

003 - IDENTIFICADOR DE NUMERO DE CONTROL

  • campo de control: DLC

005 - FECHA Y HORA DE LA ÜLTIMA TRANSACCIÓN

  • campo de control: 20240815121623.0

008 - DATOS DE LONGITUD FIJA

  • campo de control de longitud fija: 240815|| aca||aabn | aaa d

010 ## - NÚMERO DE CONTROL DE LA BIBLIOTECA DEL CONGRESO

  • Número de control LC: n 50045734

035 ## - NUMERO DE CONTROL

  • Número de control: (Uk)000166650

035 ## - NUMERO DE CONTROL

  • Número de control: (OCoLC)oca00080889

040 ## - FUENTE DE CATALOGACIÓN

  • Agencia original de catalogación: DLC
  • Lenguaje de catalogación: spa
  • Agencia de transcripción: DLC
  • Agencia que lo modifica: DLC
  • Agencia que lo modifica: MoSU-L
  • Agencia que lo modifica: OCoLC
  • Agencia que lo modifica: Uk
  • Agencia que lo modifica: CLU
  • Agencia que lo modifica: MX-MxUPN

046 ## - FECHAS CON CODIFICACIÓN ESPECIAL

  • Fecha de nacimiento: 1870
  • Fecha de muerte: 1963

053 #0 - NÚMERO DE CLASIFICACIÓN LC

  • Número de clasificación elemento-número único o número inicial de tramo: PQ2603 O6

100 1# - ENCABEZAMIENTO - NOMBRE PERSONAL

  • Nombre personal: Bordeaux, Henry,
  • Fechas asociadas con el nombre: 1870-1963

670 ## - FUENTE EN LA QUE SE LOCALIZARON DATOS

  • Cita de la fuente: LC, 15 agosto 2024 :
  • Información localizada: (Bordeaux, Henry, 1870-1963)
  • Uniform Resource Identifier: https://lccn.loc.gov/n50045734

902 ## - CATALOGADOR

  • Catalogador: MaríaRobles/150824